BSOP header

Contemporary Christian education / (Record no. 46877)

MARC details
000 -LEADER
fixed length control field 00624nam a2200217Ii 4500
001 - CONTROL NUMBER
control field 4702039
005 - DATE AND TIME OF LATEST TRANSACTION
control field 20190614091226.0
008 - FIXED-LENGTH DATA ELEMENTS--GENERAL INFORMATION
fixed length control field 790301s1968 tnua b 000 0 eng d
040 ## - CATALOGING SOURCE
Original cataloging agency ABC
Transcribing agency ABC
Modifying agency EXN
049 ## - LOCAL HOLDINGS (OCLC)
Holding library EXNW [376069]
Copy statement 1 [376069]
100 1# - MAIN ENTRY--PERSONAL NAME
Personal name Aultman, Donald S.
245 10 - TITLE STATEMENT
Title Contemporary Christian education /
Statement of responsibility, etc Donald S. Aultman.
260 ## - PUBLICATION, DISTRIBUTION, ETC. (IMPRINT)
Place of publication, distribution, etc Cleveland, Tenn. :
Name of publisher, distributor, etc Pathway Press,
Date of publication, distribution, etc c1968.
300 ## - PHYSICAL DESCRIPTION
Extent 122, [2] p. :
Other physical details ill. ;
Dimensions 20 cm.
336 ## - CONTENT TYPE
Content Type Term text
337 ## - MEDIA TYPE
Media Type Term unmediated
338 ## - CARRIER TYPE
Carrier Type Term volume
504 ## - BIBLIOGRAPHY, ETC. NOTE
Bibliography, etc Bibliography: p. [23-24]
650 #0 - SUBJECT ADDED ENTRY--TOPICAL TERM
Topical term or geographic name as entry element Christian education
General subdivision Textbooks.
942 ## - ADDED ENTRY ELEMENTS (KOHA)
Source of classification or shelving scheme Library of Congress Classification
Item type Books
Holdings
Withdrawn status Lost status Source of classification or shelving scheme Damaged status Not for loan Home library Current library Shelving location Date acquired Inventory number Total Checkouts Full call number Barcode Date last seen Price effective from Koha item type
    Library of Congress Classification     BSOP Library BSOP Library GC 06/14/2019 10025   BV1488 Au5c 00018235 06/14/2019 06/14/2019 Books
BSOP

Biblical Seminary of the Philippines
  All rights Reserved
  © 2024

CONTACT INFORMATION

Biblical Seminary of the Philippines,
  77-B Karuhatan Road, Valenzuela City,
  PHILIPPINES 1441
  Phone: +632 8292-6795 / 8292-6798
  Fax : +632 8292-6675
  Email: library@bsop.edu.ph